000 00620nam a2200241Ia 4500
003 OSt
005 20220912150614.0
006 a|||||r|||| 00| 0
007 ta
008 220909b |||||||| |||| 00| 0 eng d
024 _a52897
037 _cTextual
040 _aCSL
_beng
_cCSL
041 _aeng
082 _aJ:(I), H8
100 _aDeputy William Atherton
245 0 _aOur plant friends and foes
260 _aChicago
_bJohn C Winston
_c1948
300 _axiv, 290p.
_ccm.
650 _aAgriculture
942 _hJ:(I), H8
_cTEXL
_2CC
999 _c50786
_d50786